000 01506cad a22002535a 4500
001 L157061
008 120828s2012 xxk f 000 0 eng d
035 _a(Sirsi) u157061
041 0 _aeng
110 2 _aUnited Kingdom
_bMinistry of Justice
_95477
245 0 0 _aOffence of squatting in a residential building
_h[electronic resource]
260 _aLondon
_bMoJ
_c2012
490 0 _aMoJ Circular
_v2012/14
505 2 _aIntroduction -- Penalties -- Relationship to other penalties -- Support for homeless and vulnerable people -- Annexe A Section 144 of Legal Aid, Sentencing and Punishment of Offenders Act 2012 -- Annexe B Section 7 of the Criminal Law Act 1977 -- Annexe C Section 2 of the Criminal Law Act 1977 -- Annexe D Section 12A of the Criminal Law Act 1977
520 _aExplains the offence of squatting in a residential building under the Legal Aid, Sentencing and Punishment of Offenders Act 2012 s144. Offers protection to owners and lawful occupiers of any residential building against trespasses. Effective from 1 September 2012.
590 _aKA NTK
650 2 4 _aLegal Aid, Sentencing and Punishment of Offenders Act 2012 s144
650 2 4 _aCriminal Law Act 1977 s2
650 2 4 _aCRIMINAL LAW ACT 1977 S7
651 4 _aEngland and Wales
_y1543-
690 _aResidential property
_96266
856 4 0 _uhttps://www.justice.gov.uk/downloads/legislation/bills-acts/circulars/squatting-circular.pdf
_zView the item free of charge from the www.justice.gov.uk website
942 _n0
999 _c114565
_d114565